1235 1686 1874 1669 1729 1764 1388 1398 1799 1652 1294 1258 1565 1983 1531 1331 1827 1004 1898 1276 1573 1245 1846 1191 1671 1722 1247 1285 1394 1032 1348 1692 1381 1876 1369 1906 1191 1902 1793 1682 1937 1430 1383 1997 1983 1704 1393 1507 1090 1053 1534 1401 1108 1762 1397 1366 1847 1517 1511 1007 1543 1825 1106 1712 1714 1657 1724 1972 1361 1735 1176 1091 1897 1253 1122 1901 1973 1602 1056 1275 1078 1017 1990 1635 1723 1108 1470 1923 1808 1774 1436 1596 1399 1487 1511 1225 1694 1391 1232 BCNSPRNW ULIB Ver.6.0+V

เปลี่ยนเป็นภาษาไทย

Change to English
 แสดงรายละเอียดบรรณานุกรม
  กลับหน้าหลัก

Brief Record : Get Marc (ISO 2709) : E-mail record : QR code < ปิดหน้าต่าง
LEADER : 00000nam 2200000uu 4500
001    13399113872
003     ULIB
008    110220s||||||||th 000 0 tha d
099    วจ.WM171^bอ383ค
100 0  รัชชนก สิทธิเวช
245 00 ผลของโครงการรณรงค์เลิกสูบบุหรี่โดยนักศึกษาพยาบาล วิทยาลัยพยาบาลพระปกเกล้า จันทบุรี/^cรัชชนก สิทธิเวช,มัณฑนา เหมชะญาติ และ ธัสมน นามวงษ์
260    จันทบุรี:^bวิทยาลัยพยาบาลพระปกเกล้า จันทบุรี,^c2549
300    51 หน้า
650  7 การเลิกบุหรี่^xวิจัย
700 02 มัณฑนา เหมชะญาติ
700 02 ธัสมน นามวงษ์
710 2  วิทยาลัยพยาบาลพระปกเกล้า จันทบุรี
710 2  สำนักกองทุนสนับสนุนการสร้างเสริมสุขภาพ
945    ^p0^l0^i030932
995    ทศพร
999 ^a ใช้งานได้ทุกระบบ
รายการนี้ยังไม่มีแท็ก
คุณยังไม่ได้ล็อกอิน คุณสามารถมีกิจกรรมร่วมกับเว็บไซต์ได้ แต่ต้องล็อกอินก่อน ::
  ล็อกอิน

รายการสื่อสารสนเทศ

ลำดับที่ ประเภท เลขเรียก/บาร์โค้ด สถานที่ สถานะ
1. งานวิจัย
งานวิจัย
วจ.WM171 อ383ค ฉ.1 
  Barcode: 030932
ห้องสมุดวิทยาเขตสวรรค์ประชารักษ์
►วิจัย
บนชั้น

รายการใกล้เคียง
    ผู้แต่ง [รัชชนก สิทธิเวช]

BibComment


ยังไม่เคยถูกคอมเมนท์

คอมเมนท์ทรัพยากรรายการนี้
  คอมเมนท์: ผลของโครงการรณรงค..


 Copyright 2026. Bcnsprnw @Library